Perl Programming for Medicine And Biology (Record no. 23400)
[ view plain ]
| 000 -LEADER | |
|---|---|
| fixed length control field | 00309nam a22000977a 4500 |
| 008 - FIXED-LENGTH DATA ELEMENTS--GENERAL INFORMATION | |
| fixed length control field | 130416b xxu||||| |||| 00| 0 eng d |
| 020 ## - INTERNATIONAL STANDARD BOOK NUMBER | |
| International Standard Book Number | 9780763743338 |
| Terms of availability | Avalable |
| 050 ## - LIBRARY OF CONGRESS CALL NUMBER | |
| Classification number | 610.285BER |
| Item number | 002327 |
| 245 ## - TITLE STATEMENT | |
| Title | Perl Programming for Medicine And Biology |
| Statement of responsibility, etc. | Berman Jules J |
| 260 ## - PUBLICATION, DISTRIBUTION, ETC. | |
| Place of publication, distribution, etc. | USA |
| Name of publisher, distributor, etc. | Jones And Bartlett Publisher |
| Date of publication, distribution, etc. | 2007 |
| Withdrawn status | Lost status | Source of classification or shelving scheme | Damaged status | Not for loan | Permanent Location | Current Location | Shelving location | Date acquired | Total Checkouts | Full call number | Barcode | Date last seen | Date last checked out | Price effective from | Koha item type |
|---|---|---|---|---|---|---|---|---|---|---|---|---|---|---|---|
| Central Library (CL) | Central Library (CL) | General Stacks | 04/16/2013 | 1 | 610.285 BER | RCMS002327 | 08/17/2016 | 02/09/2016 | 04/16/2013 | Book |
